=LDR 00000nam 2200000 4500 =001 INLIS000000000001017 =005 20250314120045 =035 ##$$a 0010-1221000240 =245 1#$$a #Remedi Jiwa : $b Menemukan Makna Dalam Kisah Untuk Memahami Hidup /$c Karin =100 #$$a KARIN =250 ##$$a Cetakan Pertama, Maret =300 ##$$a vi, 170 halaman : $b gambar ; $c 14x20.2 cm =856 ##$$a OPAC (Rak Tandon - Rak 2.2) =260 ##$$a Yogyakarta :$b Amira,$c 2020 =082 ##$$a 153.2 =084 ##$$a 153.2 KAR r =020 ##$$a 978-623-244-169-9 =650 #4$$a Ide, Inspirasi - Psikologi =650 #4$$a Sumbangan Mahasiswa 2020 =520 ##$$a Musibah adalah salah-satu karunia tuhan, meskipun kata musibah terdengar sakit, dengan adanya musibah kita akan lebih merasa bersyukur bahkan, mungkin kita harus merasakn kegagalan, supaya memahami makna keberhasilan. Ketika, semua usaha dan doa sudah kita lakukan, namun tiada hasil, maka serahkan semua pada tuhan. Buku ini mewakili naseha-nasehat yang diperlukan untuk memkotivasi diri dalam menghadapi ujian. Kisah-kisah inspiratif yang disajikan dalam konten buku ini merupakan refleksi diri bagi pembaca untuk menghadapi lika-liku hidup. =008 250314################g##########0#ind## =990 ##$$a 159/SM-20